El Quijote, entre todos
Tallennettuna:
| Aineistotyyppi: | Kirja |
|---|---|
| Kieli: | espanja |
| Julkaistu: |
Guadalajara
AACHE
1999
|
| Aiheet: | |
| Tagit: |
Lisää tagi
Ei tageja, Lisää ensimmäinen tagi!
|
MARC
| LEADER | 00000nam a2200000 a 4500 | ||
|---|---|---|---|
| 001 | UCN3560 | ||
| 003 | CL-VaPUC | ||
| 008 | 010629e19990000MX |||||||||||||||||spa|d | ||
| 082 | 0 | 4 | |a 863.9 |b QUI |2 21 |
| 245 | 1 | 3 | |a El Quijote, entre todos |
| 300 | |a 2 v | ||
| 942 | |c BK | ||
| 945 | |d 20010629 00:00:00 |a cmena | ||
| 260 | |a Guadalajara |b AACHE |c 1999 | ||
| 500 | |a v.1: Colección de comentarios e ilustraciones a los 52 capítulos de la Primera Parte del Quijote, hechas por otros tantos escritores y artistas de la Región de Castilla - La Mancha | ||
| 500 | |a v.2: Colección de comentarios e ilustraciones a los 74 capítulos de la Segunda Parte del Quijote, hechas por otros tantos escritores y artistas de todas las regiones de España | ||
| 650 | 7 | |a NOVELA ESPAÑOLA - CRITICA E INTERPRETACION |2 CL-VaPUC |9 345007 | |
| 583 | |a last modification |c 20010629 00:00:00 |k Rodrigo Vera | ||
| 999 | |c 296405 |d 296403 | ||
| 952 | |0 0 |1 0 |4 0 |6 863_900000000000000_QUI_1999 |7 0 |8 A |9 350156 |a FDOPOS |b FDOPOS |d 2019-11-20 |h v.1 |i 3734730 |o 863.9 QUI 1999 |p 3734730 |r 2025-01-22 |w 2019-11-20 |y BK |k MLH | ||
| 952 | |0 0 |1 0 |4 0 |6 863_900000000000000_QUI_1999 |7 0 |8 A |9 350157 |a FDOPOS |b FDOPOS |d 2019-11-20 |h v.2 |i 3734749 |o 863.9 QUI 1999 |p 3734749 |r 2025-01-22 |w 2019-11-20 |y BK |k MLH | ||